Georgetown University : Register of Students : 1951-1954 /

Bewaard in:
Bibliografische gegevens
Coauteur: Georgetown University
Formaat: Boek
Taal:Engels
Gepubliceerd in: Washington, EUA : Georgetown University 1954
Tags: Voeg label toe
Geen labels, Wees de eerste die dit record labelt!

MARC

LEADER 00000nam^a2200000^a^4500
001 000576618
005 20250521000000.0
009 20260310132431.742
037 |a Acervo Xavier Clavigero 
041 |a ING 
091 |a FIP. 00439 
110 |a Georgetown University 
245 1 0 |a Georgetown University :  |b Register of Students : 1951-1954 / 
264 1 |a Washington, EUA :  |b Georgetown University  |c 1954 
300 |a 1 v. (varias paginaciones) 
336 |a texto  |b txt  |2 rdacontenido 
337 |a sin mediación  |b n  |2 rdamedio 
338 |a volumen  |b nc  |2 rdasoporte 
649 |a XX 
910 |a Fondo Manuel Ignacio Pérez Alonso S.J. 
920 |a Impresos - Libros 
930 |a Fondos Especiales 
905 |a 140 
901 |a 0500404440  |b IT2  |c ESP  |i D  |u 20250521 
902 |a https://opac.biblio.iteso.mx/vufind/Record/000576618